Rebelión de Pizarro en el Perú y vida de D. Pedro Gasca / (Record no. 38855)

MARC details
000 -LEADER
campo de control de longitud fija 01124nam a2200265 i 4500
001 - NÚMERO DE CONTROL
campo de control 38855
003 - IDENTIFICADOR DE NÚMERO DE CONTROL
campo de control ES-MaACL
005 - FECHA Y HORA DE LA ÚLTIMA TRANSACCIÓN
campo de control 20251114105018.0
007 - CAMPO FIJO DE DESCRIPCIÓN FÍSICA--INFORMACIÓN GENERAL
campo de control de longitud fija t|
008 - DATOS DE LONGITUD FIJA--INFORMACIÓN GENERAL
campo de control de longitud fija 030226s1889 sp ||||1| spa d
100 1# - ENTRADA PRINCIPAL--NOMBRE DE PERSONA
Nombre de persona Calvete de Estrella, Juan Cristobal.
9 (RLIN) 33818
245 10 - MENCIÓN DEL TÍTULO
Título Rebelión de Pizarro en el Perú y vida de D. Pedro Gasca /
Mención de responsabilidad, etc. Juan Cristobal Calvete Estrella ; publicadas por A. Paz y Melia.
260 ## - PUBLICACIÓN, DISTRIBUCIÓN, ETC.
Lugar de publicación, distribución, etc. [S.l. :
Nombre del editor, distribuidor, etc. s.n.,
Fecha de publicación, distribución, etc. 1889] (
Lugar de fabricación/manufactura Madrid :
Fabricante Imp. de M. Tello)
300 ## - DESCRIPCIÓN FÍSICA
Extensión 2 v. (XXVIII, 465; 570 p. ;
Dimensiones 17 cm.
490 1# - MENCIÓN DE SERIE
Mención de serie Colección de escritores castellanos ;
Designación de volumen o secuencia 70, 76
530 ## - NOTA DISPONIBLE DE FORMULARIO FÍSICO ADICIONAL
Nota de formato físico adicional disponible Disponible en formato digital.
600 17 - PUNTO DE ACCESO ADICIONAL DE MATERIA--NOMBRE DE PERSONA
Nombre de persona Pizarro, Gonzalo,
Fechas asociadas al nombre 1502-1548
Fuente del encabezamiento o término
9 (RLIN) 155316
600 14 - PUNTO DE ACCESO ADICIONAL DE MATERIA--NOMBRE DE PERSONA
Nombre de persona Gasca, Pedro de la (
Fechas asociadas al nombre 1485-1567)
9 (RLIN) 155317
651 #4 - PUNTO DE ACCESO ADICIONAL DE MATERIA--NOMBRE GEOGRÁFICO
Nombre geográfico Perú-
Subdivisión general Historia-
Subdivisión cronológica Descubrimiento y conquista, 1522-1548.
9 (RLIN) 9226
700 1# - ENTRADA AGREGADA--NOMBRE PERSONAL
Nombre de persona Paz y Meliá, A.,
Fechas asociadas al nombre 1842-1927
9 (RLIN) 89789
830 0# - PUNTO DE ACCESO ADICIONAL DE SERIE-TÍTULO UNIFORME
Título uniforme Colección de escritores castellanos ;
Designación de volumen o secuencia 70, 76
9 (RLIN) 180741
852 ## - LOCALIZACIÓN
Ubicación ES-MaACL
Número de control de estantería F-12431-32
856 ## - LOCALIZACIÓN Y ACCESO ELECTRÓNICOS
Identificador Uniforme de Recursos <a href="http://bdh-rd.bne.es/viewer.vm?id=0000048899&page=1 ">http://bdh-rd.bne.es/viewer.vm?id=0000048899&page=1 </a>
Nota pública Biblioteca Digital Hispánica
Holdings
Estatus retirado Estado de pérdida Estado de daño No para préstamo Colección Biblioteca de origen Biblioteca actual Ubicación en estantería Fecha de adquisición Fuente de adquisición Total de préstamos Signatura topográfica completa Código de barras Visto por última vez Precio de reemplazo Tipo de ítem Koha
        Colección digital Biblioteca del Ateneo de Madrid Biblioteca del Ateneo de Madrid Sala Pecera Planta 2 17/01/2008     F-12431-32 1040915 23/02/2023 23/02/2023 Libro impreso antiguo